00773nam a2200193 i 450000100060000000300090000600500170001500700030003200800410003502000180007610000350009424501270012926000740025630000220033049000650035271000650041783000650048285200320054740470ES-MaACL20231212062533.0t|030306s1983 sp ||||1| spa d a84-00-05438-51 aCaro Baroja, Julio,d1914-199513aLa aurora del pensamiento antropológico b: la antropología en las clásicos griegos y latinos / cJulio Caro Baroja. aMadrid : bConsejo Superior de Investigaciones Científicas, c1983. a236 p. ; c24 cm.1 aBiblioteca de dialectología y tradiciones populares ; v162 aConsejo Superior de Investigaciones Científicas (España)0 aBiblioteca de dialectología y tradiciones populares ; v16 aES-MaACLjL-8141 bR.108423